000 00482nam a2200169Ia 4500
003 LK-CoDNM
008 010623t2004 xxu||||| |||| 00| 1 eng d
040 _aLK-CoDNM
_dLK-CoDNM
_eLK-CoDNM
041 _aeng
080 _a343.57
_bRAT
100 _aRathnayake,Y Senanayake,Bhadrani
245 _aHandBook Of Drug Abuse Information 2004
260 _bNational Dangerous Drugs Control Board
_aRajagiriya
_c2004
300 _bp.(xii)84, `24.5 cm
650 _aAlcohol
942 _cBK
999 _c123443
_d123443